Ideologies of American Political Parties - Statistics

General Stats
  • This quiz has been taken 2 times
  • The average score is 11 of 29
Answer Stats
Political Party Ideology % Correct
Republican Conservatism
100%
Green Green politics
100%
Democratic Liberalism
100%
Reform Liberalism
100%
Libertarian Libertarianism
100%
Reform Populism
100%
Reform Centrism
50%
Constitution Christian right
50%
Alliance Electoral reform
50%
Constitution Fiscal conservatism
50%
Reform Fiscal conservatism
50%
Green Left-Wing populism
50%
Constitution Paleoconservatism
50%
Green Progressivism
50%
Republican Right-Wing populism
50%
Constitution Ultraconservatism
50%
Green Anti-capitalism
0%
Alliance Anti-corruption
0%
Reform Anti-neoliberalism
0%
Constitution Christian reconstructionism
0%
Libertarian Cultural liberalism
0%
Libertarian Economic liberalism
0%
Green Eco-socialism
0%
Alliance Gun control
0%
Reform Radical centrism
0%
Libertarian Right-libertarianism
0%
Constitution Social conservatism
0%
Alliance Universal basic income
0%
Alliance Universal health care
0%
No matching quizzes found
Score Distribution
Percent of People with Each Score
Percentile by Number Answered
Your Score History
You have not taken this quiz